La nueva ciudad de Dios (Record no. 53360)

MARC details
000 -LEADER
campo de control de longitud fija 00842nam a2200253 i 4500
001 - NÚMERO DE CONTROL
campo de control 53360
003 - IDENTIFICADOR DE NÚMERO DE CONTROL
campo de control ES-MaACL
005 - FECHA Y HORA DE LA ÚLTIMA TRANSACCIÓN
campo de control 20230906162742.0
007 - CAMPO FIJO DE DESCRIPCIÓN FÍSICA--INFORMACIÓN GENERAL
campo de control de longitud fija t|
008 - DATOS DE LONGITUD FIJA--INFORMACIÓN GENERAL
campo de control de longitud fija 031021s2002 sp ||||0| spa j
020 ## - NÚMERO INTERNACIONAL ESTÁNDAR DEL LIBRO
Número Internacional Estándar del Libro 84-7844-551-X
040 ## - FUENTE DE CATALOGACIÓN
Centro catalogador/agencia de origen M-BN
Lengua de catalogación spa
Centro/agencia transcriptor M-BN
080 ## - NÚMERO DE LA CLASIFICACIÓN DECIMAL UNIVERSAL
Número de la Clasificación Decimal Universal 004:316.42
100 1# - ENTRADA PRINCIPAL--NOMBRE DE PERSONA
Nombre de persona Alonso, Andoni.
9 (RLIN) 20183
245 13 - MENCIÓN DEL TÍTULO
Título La nueva ciudad de Dios
Resto del título : un juego cibercultural sobre el tecno-hermetismo /
Mención de responsabilidad, etc. Andoni Alonso, Iñaki Arzoz ; hiperpresentación de Antonio R. de las Heras.
260 ## - PUBLICACIÓN, DISTRIBUCIÓN, ETC.
Lugar de publicación, distribución, etc. Madrid :
Nombre del editor, distribuidor, etc. Siruela,
Fecha de publicación, distribución, etc. [2002]
300 ## - DESCRIPCIÓN FÍSICA
Extensión 361 p ;
Dimensiones 21 cm.
490 1# - MENCIÓN DE SERIE
Mención de serie Biblioteca de ensayo
650 14 - PUNTO DE ACCESO ADICIONAL DE MATERIA--TÉRMINO DE MATERIA
Término de materia o nombre geográfico como elemento de entrada Tecnología de la información-
Subdivisión general Aspectos sociales.
9 (RLIN) 17418
700 1# - ENTRADA AGREGADA--NOMBRE PERSONAL
Nombre de persona Arzoz, Iñaki.
9 (RLIN) 23526
830 0# - PUNTO DE ACCESO ADICIONAL DE SERIE-TÍTULO UNIFORME
Título uniforme Biblioteca de ensayo
9 (RLIN) 178029
852 ## - LOCALIZACIÓN
Ubicación ES-MaACL
Número de control de estantería L-26561
Sublocalización o colección R.131647
Holdings
Estatus retirado Estado de pérdida Estado de daño No para préstamo Biblioteca de origen Biblioteca actual Ubicación en estantería Fecha de adquisición Fuente de adquisición Total de préstamos Signatura topográfica completa Código de barras Visto por última vez Precio de reemplazo Tipo de ítem Koha
        Biblioteca del Ateneo de Madrid Biblioteca del Ateneo de Madrid Depósito 2 17/01/2008     L-26561 1056066 23/02/2023 23/02/2023 Libro impreso